000 00501nam a2200157Ia 4500
008 210716s1985 xx 000 0 und d
020 _a0030018870
041 _aeng
082 _a338.04 HENC
100 _aHenderson, Carter.
245 _aWinners: the successful strategies entrepreneurs use to build new business.
_bSuccessful strategies entrepreneurs use to build new business.
250 _a1
260 _aNew York
_bHolt, Rinehart and winston Inc
_c1985
300 _aix,245
650 _aNone
999 _c200301
_d200301